00493nam a2200157Ia 4500008004100000020002200041041000800063082001700071100001300088245002100101250000900122260004900131300000900180999001900189952012700208230627s9999 xx 000 0 und d a978-93-5035-010-2 amar a346.052bDAS aDas P.K. aHindu Succession a3ed. bUniversal Law Publishing Co. Pvt. Ltd.c2011 a316p c690022d690022 001040708NLP UGCaNLPbNLPcNLP-43d2011-03-31g295.00l0o346.052 DASpNLP-N20468r2023-07-17 00:00:00w2023-07-17yBK